000 00265nmm a2200097Ia 4500
008 220120s9999||||xx |||||||||||||||||und||
082 _a00 5.133 DOS
100 _aDoss, George, M
_92826
245 0 _aCorba developer's guide with XML
260 _aBPB publications
_c2000
999 _c139012
_d139012